Пропуск в контексте

Анализ бизнес-процессов учебное пособие

В учебном пособии рассматриваются основные понятия, принципы, методы и инструменты моделирования и анализа бизнес-процессов как подхода к повышению эффективности работы предприятий с практической точки зрения. Рекомендуется обучающимся направления подготовки 38.03.02 «Менеджмент» всех форм обучения...

Полное описание

Сохранить в:
Библиографические подробности
Формат: Книга
Язык:Russian
Опубликовано: Кемерово КузГТУ имени Т.Ф. Горбачева 2024
Online-ссылка:https://e.lanbook.com/book/498959
https://e.lanbook.com/img/cover/book/498959.jpg
Метки: Добавить метку
Нет меток, Требуется 1-ая метка записи!
LEADER 01931nam0a2200253 i 4500
001 498959
003 RuSpLAN
005 20250722150813.0
008 250722s2024 ru gs 000 0 rus
020 |a 978-5-00137-479-4 
040 |a RuSpLAN 
041 0 |a rus 
044 |a ru 
080 |a 005.5(075.8) 
245 0 0 |a Анализ бизнес-процессов  |b учебное пособие 
260 |a Кемерово  |b КузГТУ имени Т.Ф. Горбачева  |c 2024 
300 |a 238 с. 
504 |a Библиогр.: доступна в карточке книги, на сайте ЭБС Лань 
520 8 |a В учебном пособии рассматриваются основные понятия, принципы, методы и инструменты моделирования и анализа бизнес-процессов как подхода к повышению эффективности работы предприятий с практической точки зрения. Рекомендуется обучающимся направления подготовки 38.03.02 «Менеджмент» всех форм обучения в качестве учебного пособия при изучении дисциплины «Моделирование бизнес-процессов» и традиционных дисциплин, связанных с изучением организации производства. Пособие составлено с использованием источников, указанных в конце. 
521 8 |a Книга из коллекции КузГТУ имени Т.Ф. Горбачева - Экономика и менеджмент 
521 8 |a СЭБ 
856 4 |u https://e.lanbook.com/book/498959 
856 4 8 |u https://e.lanbook.com/img/cover/book/498959.jpg 
953 |a https://e.lanbook.com/img/cover/book/498959.jpg